| 000 | 01336cam a22003134a 4500 | ||
|---|---|---|---|
| 001 | 12861065 | ||
| 003 | NUST-PNEC | ||
| 005 | 20170116180706.0 | ||
| 008 | 020719s2003 flua f 001 0 eng | ||
| 010 | _a 2002074129 | ||
| 020 | _a084931562X | ||
| 040 |
_aDLC _cPNEC |
||
| 042 | _apcc | ||
| 050 | 0 | 0 |
_aTK7876 _b.R495 2003 |
| 082 | 0 | 0 |
_a621.384'134 GOL _221 |
| 100 |
_9358 _aGolio, Mike |
||
| 245 | 0 | 0 |
_aRF and microwave semiconductor device handbook / _ceditor-in-chief, Mike Golio. |
| 260 |
_aBoca Raton : _bCRC Press, _cc2003. |
||
| 300 |
_a1 v. (various pagings) : _bill. ; _c26 cm. |
||
| 500 | _aIncludes Index http://www.amazon.com/RF-Microwave-Semiconductor-Device-Handbook/dp/084931562X/ref=sr_1_1?s=books&ie=UTF8&qid=1411618459&sr=1-1&keywords=084931562X | ||
| 650 | 0 |
_aMicrowave devices _vHandbooks, manuals, etc. |
|
| 650 | 0 |
_aSemiconductors _vME, EL, EE |
|
| 650 | 0 |
_aVery high speed integrated circuits _vHandbooks, manuals, etc. |
|
| 700 | 1 |
_aGolio, John Michael, _d1954- |
|
| 856 | 4 | 2 |
_3Publisher description _uhttp://www.loc.gov/catdir/enhancements/fy0646/2002074129-d.html |
| 906 |
_a7 _bcbc _corignew _d1 _eocip _f20 _gy-gencatlg |
||
| 942 |
_2ddc _cBK |
||
| 999 |
_c60740 _d60740 |
||